00206nam a2200073Ia 4500008004100000100001600041245005100057260002400108170817s9999 xx 000 0 und d aSHARMA S.N. 0aManovigyan Avam Shiksha Mein Prayog + Prikchan bH. P. BHARGAVA AGRA